5HLuxD.jpg

KING HENRY VIII SENIOR AND PRIMARY SCHOOL LIBRARY OPAC

Young Gothic / (Record no. 6017)

000 -LEADER
fixed length control field 01283nam a22002177a 4500
003 - CONTROL NUMBER IDENTIFIER
control field OSt
005 - DATE AND TIME OF LATEST TRANSACTION
control field 20260127084010.0
008 - FIXED-LENGTH DATA ELEMENTS--GENERAL INFORMATION
fixed length control field 260127b ||||| |||| 00| 0 eng d
020 ## - INTERNATIONAL STANDARD BOOK NUMBER
International Standard Book Number 9781801301305
040 ## - CATALOGING SOURCE
Transcribing agency KH8
082 ## - DEWEY DECIMAL CLASSIFICATION NUMBER
Classification number FIC BEN
100 ## - MAIN ENTRY--PERSONAL NAME
Personal name Bennett, M. A. ,
Relator term author.
245 ## - TITLE STATEMENT
Title Young Gothic /
Statement of responsibility, etc. M. A. Bennett..
260 ## - PUBLICATION, DISTRIBUTION, ETC.
Place of publication, distribution, etc. London ;
Name of publisher, distributor, etc. Welbeck Children's Books ,
Date of publication, distribution, etc. 2024.
300 ## - PHYSICAL DESCRIPTION
Extent 465 pages :
Dimensions 20 cm.
520 ## - SUMMARY, ETC.
Summary, etc. Filled with deadly secrets and the monsters you thought only existed in your mind ...<br/><br/>You've heard of Frankenstein's monster, you've heard of Dracula, but have you heard of the Villa Diodati? Eve, Griffin, Hal and Ren embark on a summer they'll never forget at the birthplace of all things Gothic.<br/><br/>The summer is beset by mysterious happenings, as the monsters they create begin to clamber out of their minds. Events rise to a horrible climax when, on a dark and stormy night, one of the villa's guests is found dead and each of our foursome becomes a suspect in a gruesome murder.<br/><br/>It was supposed to be the trip of a lifetime. But when the stuff of nightmares becomes their reality, will they make it out alive?
650 ## - SUBJECT ADDED ENTRY--TOPICAL TERM
Topical term or geographic name entry element Horror
Form subdivision Fiction
650 ## - SUBJECT ADDED ENTRY--TOPICAL TERM
Topical term or geographic name entry element Fantasy
Form subdivision Fiction
650 ## - SUBJECT ADDED ENTRY--TOPICAL TERM
Topical term or geographic name entry element Mystery
Form subdivision Young Adult Fiction
942 ## - ADDED ENTRY ELEMENTS (KOHA)
Source of classification or shelving scheme
Koha item type Books - Fiction
Holdings
Withdrawn status Lost status Source of classification or shelving scheme Damaged status Not for loan Collection code Permanent Location Current Location Shelving location Date acquired Full call number Barcode Date last seen Price effective from Koha item type
          Fiction KH8 Senior School Library KH8 Senior School Library Young Adult 2026-01-27 FIC BEN 3KHSL000102584 2026-01-27 2026-01-27 Books - Fiction

Powered By KH8 IT Dept